Statistics for Aerosmith songs by lyrics

Click here to take the quiz!

General Stats

  • This quiz has been taken 69 times
  • The average score is 10 of 20

Answer Stats

Lyrics Song % Correct
I know nobody knows / Where it comes and where it goes / I know it's everybody's sin / You got to lose to know how to winDream On
85%
Seesaw swingin' with the boys in the school / And your feet flyin' up in the air / Singing, "Hey diddle diddle" / With your kitty in the middle / Of the swing like you didn't careWalk This Way
82%
Don't wanna close my eyes / I don't wanna fall asleep / Cause I'd miss you, babyI Don't Want to Miss a Thing
76%
They said when Janie was arrested / They found him underneath a trainJanie's Got a Gun
71%
Workin' like a dog for the boss man / Workin' for the company / I'm bettin' on the dice I'm tossin' / I'm gonna have a fantasyLove in an Elevator
68%
Pink it's my new obsession / Pink it's not even a questionPink
65%
You got your mama's style / But you're yesterday's child to me / So jaded, you think that's where it's at / But is that where it's supposed to be / You're gettin' it all over me and serratedJaded
65%
There's somethin' wrong with the world today / I don't know what it is / Something's wrong with our eyesLivin' on the Edge
59%
There was a time / When I was so broken hearted / Love wasn't much of a friend of mineCryin'
56%
Cruised into a bar on the shore / Her picture graced the grime on the door / She's a long lost love at first bite / Baby, maybe you're wrong / But you know it's all right, that's rightDude (Looks Like a Lady)
53%
You talk about things that nobody cares / You're wearing out things that nobody wears / You're calling my name but I gotta make clear / I can't say baby where I'll be in a yearSweet Emotion
50%
I want your love / Let's break the walls between us / Don't make it tough / I'll put away my prideAngel
47%
Some babe's talkin' real loud / Talkin' all about the new crowd / Try and tell me of an old dream / A new version of the old sceneRag Doll
47%
There goes my old girlfriend, there's another diamond ring / And all those late night promises, I guess they don't mean a thingWhat it Takes
44%
It ain't easy, livin' like a gypsy / Tell ya, honey, how I feel / I've been dreaming / Floatin' downstream and / Losin' touch with all that's realMama Kin
38%
Ridin' into town alone by the light of the moon / I'm looking for ole' Sukie Jones she crazy horse saloonBack in the Saddle
35%
Well I woke up this morning / On the wrong side of the bed / And how I got to thinkin' / About all those things you saidEat the Rich
32%
Checkmate honey, beat you at your own damn game / No dice honey, I'm livin' on a astral planeDraw the Line
29%
Fate comes a-knockin', doors start lockin' / Your old time connection, change your direction / Ain't gonna change it, can't rearrange it / Can't stand the pain when it's all the same to you, my friendSame Old Song and Dance
26%
There ain't gonna be no more beggin' you please / You know what I want / And it ain't one of theseFalling In Love (Is Hard On The Knees)
18%

Score Distribution

Percentile by Number Answered

Percent of People with Each Score

Your Score History

You have not taken this quiz